| 000 | 00855naa a2200241 4500 | ||
|---|---|---|---|
| 001 | 169322 | ||
| 003 | ES-MaBCM | ||
| 005 | 20241016191515.0 | ||
| 008 | 090624s2009 esp|r0p 0 ||spa d | ||
| 021 | _axx | ||
| 035 | _a(OCoLC)1365170323 | ||
| 040 | _cES-MaBCM | ||
| 100 | 1 |
_aFernández Rodríguez, Enrique _987607 |
|
| 245 | 0 | 0 |
_aLa retribución de los consejeros en las empresas cotizadas _cEnrique Fernández Rodríguez, Rubén Arrondo García, Carlos Fernández Méndez |
| 520 | 3 | _aContiene bibliografía | |
| 650 | 2 | 7 |
_aConsejo de administración _958053 |
| 650 | 2 | 7 |
_aSalario _960166 |
| 651 | 2 | 4 |
_aEspaña _9115342 |
| 700 | 1 |
_aArrondo García, Rubén _987608 |
|
| 700 | 1 |
_aFernández Méndez, Carlos _987609 |
|
| 773 | 0 |
_aEn: _tInformación comercial española. Boletín _dMadrid _w104444 _gN. 2961 (marzo 2009), p. 35-43 |
|
| 942 | _cAREV | ||
| 999 |
_c169322 _d169322 |
||